| 000 | 00486nam a2200193Ia 4500 | ||
|---|---|---|---|
| 005 | 20140402150538.0 | ||
| 008 | 140130s9999 xx 000 0 und d | ||
| 020 | _a9780590687270 | ||
| 050 |
_aPZ 7 _b.C623 1998 |
||
| 100 |
_aCleary, Beverly _96061 |
||
| 245 |
_cBeverly Cleary. _aDear Mr. Henshaw / |
||
| 260 |
_bScholastic, _c1998. _aUSA : |
||
| 300 |
_a133 p. : _bill. ; _c24 cm. |
||
| 440 |
_v1 _931174 |
||
| 521 | _aG8 | ||
| 526 | _c910 | ||
| 942 |
_cBK _2lcc |
||
| 999 |
_c41277 _d41277 |
||